Taylor Swift - Devine la chanson sans indices #43 - Statistiques

Statistiques générales
  • Ce quiz a été pris 291 fois
  • Le résultat moyen est 362 sur 500
Statistiques - réponses
Réponse % Correct
etc, etc.
99%
I
99%
I,
99%
You
99%
you
99%
a
97%
(mmm)
96%
mm-mm
96%
the
95%
(hoo
93%
hoo)
93%
"Oh
93%
oh,
93%
oh
93%
We
90%
to
89%
in
88%
it
88%
my
88%
My
88%
be
87%
go
86%
go)
86%
on
85%
And
84%
and
84%
(and
84%
what
84%
this
83%
can
82%
I'm
82%
But
81%
but
81%
they
81%
It's
80%
it's
80%
like
79%
like,
79%
of
78%
know,
77%
say,
77%
too
77%
can't
76%
Can't
76%
don't
76%
just
76%
Just
76%
Got
73%
got
73%
'Cause
71%
At
70%
make
70%
mind
70%
there
70%
God!"
69%
see,
69%
That's
69%
that's
69%
with
68%
stay
67%
won't
67%
Won't
67%
gonna
66%
off,
66%
off
66%
shake,
66%
shake
66%
Shake
66%
hate,
65%
hate
65%
hate)
65%
his
65%
out
65%
She's
64%
alright
63%
good
63%
haters
63%
(haters
63%
late
63%
many
63%
people
63%
play,
63%
play
63%
Baby,
62%
baby?
62%
dates
62%
new
62%
players
62%
beat
61%
brain
61%
girlfriend
61%
nothing
61%
stop,
61%
stop
61%
come
60%
music
60%
never
60%
over
60%
over,
60%
been
59%
keep
59%
Sayin'
59%
hair
58%
least
58%
movin'
57%
down
56%
ex-man
56%
own
56%
own)
56%
think,
56%
up
56%
(yeah)
56%
Yeah,
56%
about
54%
as
54%
brought
54%
'em
54%
sick
53%
world
53%
dancin'
52%
(dancin'
52%
fake,
52%
fake
52%
fake)
52%
feet
52%
hella
52%
dirty,
51%
dirty
51%
fakers
51%
Hey,
50%
hey,
50%
hey
50%
break,
49%
break
49%
fella
48%
miss
48%
gettin'
46%
liars
46%
you've
46%
could've
45%
cruisin'
45%
moves
42%
(moves
42%
Heartbreakers
41%
groovin'
40%
cheats
34%
while
33%
lightnin'
25%
Aucun quiz correspondant
Distribution des résultats
% des personnes avec chaque résultat
Percentile par nombre de réponses
Votre historique - résultats
Vous n’avez pas pris ce quiz